Správa o stave malého a stredného podnikania v Slovenskej republike v roku 2020
Gespeichert in:
| Format: | Buch |
|---|---|
| Sprache: | Slowakisch |
| Veröffentlicht: |
Bratislava
Slovak Business Agency
2021
|
| Schlagworte: | |
| Tags: |
Keine Tags, Fügen Sie das erste Tag hinzu!
|
MARC
| LEADER | 00000nam a2200000 4500 | ||
|---|---|---|---|
| 001 | 0282794 | ||
| 005 | 20240306142042.4 | ||
| 041 | 0 | |a slo | |
| 044 | |a SK | ||
| 245 | 1 | 0 | |a Správa o stave malého a stredného podnikania v Slovenskej republike v roku 2020 |
| 264 | 1 | |a Bratislava |b Slovak Business Agency |c 2021 | |
| 300 | |a 148 s. | ||
| 610 | 2 | 0 | |a podnikanie malé |
| 610 | 2 | 0 | |a podnikanie stredné |
| 610 | 2 | 0 | |a makroekonomika |
| 610 | 2 | 0 | |a ukazovatele |
| 610 | 2 | 0 | |a prostredie podnikateľské |
| 610 | 2 | 0 | |a legislatíva |
| 610 | 2 | 0 | |a podpora podnikania |